| 000 | 01100nam a22002894a 4500 | ||
|---|---|---|---|
| 005 | 20090725151239.0 | ||
| 008 | 080306s2008 ii b 000 0 eng | ||
| 010 | _aENG-94562 | ||
| 020 |
_a9788190398107 _c995.00 |
||
| 035 | _aEN-78095 | ||
| 037 | _bDBAD / PUB | ||
| 040 |
_adpl _bEnglish |
||
| 082 | _a883.08 | ||
| 100 | _aKatamble, V. D. | ||
| 245 |
_aThe rural novel in Indian English / _cby V.D. Katamble |
||
| 260 |
_aJaipur _bShruti Publications _c2008 |
||
| 270 |
_a50-Ka-6, Jyoti Nagar, _bJaipur _e302005 |
||
| 300 |
_a372p. _c23cm(Hb) |
||
| 500 | _aIncludes bibliographical references | ||
| 504 | _a | ||
| 650 |
_aIndic fiction (English) _y19th century _xHistory and criticism. |
||
| 650 |
_aIndic fiction (English) _y20th century _xHistory and criticism. |
||
| 650 | _aRural conditions in literature. | ||
| 650 | _aCountry life in literature. | ||
| 942 |
_2ddc _cEN _mKAT _h883.08 |
||
| 999 |
_c28680 _d28680 |
||